Представление документа в формате MARC21

Поле Инд. ПП Название Значение
Тип записи a
Библиографический уровень m
001 Контрольный номер 8146951e-3d7c-4e22-ac08-3081340e180f
005 Дата корректировки 20131112034601.6
008 Кодируемые данные 960426 d
020 c Цена, тираж 0-44
080 a Индекс УДК 512.64
a Индекс УДК 519.852
084 a Индекс другой классификации/Индекс ББК В143
a Индекс другой классификации/Индекс ББК В183.41
090 x Авторский знак С60
a Полочн. индекс 517.122
100 1_ a Автор Солодовников Александр Самуилович
245 0_ a Заглавие Введение в линейную алгебру и линейное программирование
c Ответственность А. С. Солодовников
260 0_ a Место издания Москва
b Издательство Просвещение
c Дата издания 1966
300 a Объем 183 с.
b Иллюстрации/ тип воспроизводства черт.
650 a Основная рубрика Алгебра линейная
650 a Основная рубрика Программирование математическое
650 a Основная рубрика Линейное программирование
653 a Ключевые слова Линейная алгебра
a Ключевые слова Линейное программирование
852 t Порядковый номер экземпляра 10
p Инвентарный номер 332741
p Инвентарный номер 19585-10
p Инвентарный номер 14357-8
p Инвентарный номер 14357-7
p Инвентарный номер 14357-6
p Инвентарный номер 14357-5
p Инвентарный номер 14357-4
p Инвентарный номер 14357-3
p Инвентарный номер 14357-2
p Инвентарный номер 332742
954 a Дата поступления на обработку 20011011
999 a Подразделение 2 Фил3